1009 1538 1315 1192 1402 1266 1083 1082 1290 1764 1501 1249 1541 1444 1240 1121 1585 1598 1437 1811 1680 1440 1787 1175 1405 1735 1639 1432 1297 1785 1693 1787 1566 1178 1174 1843 1067 1618 1805 1932 1733 1116 1651 1551 1423 1486 1242 1394 1658 1811 1562 1687 1936 1484 1098 1951 1081 1202 1615 1682 1089 1154 1441 1139 1121 1932 1603 1313 1923 1279 1212 1852 1297 1027 1808 1951 1877 1228 1654 1417 1316 1460 1968 1457 1570 1911 1966 1076 1817 1175 1812 1520 1231 1006 1115 1661 1772 1350 1894 BCNSPRNW ULIB Ver.6.0+V

เปลี่ยนเป็นภาษาไทย

Change to English
 แสดงรายละเอียดบรรณานุกรม
  กลับหน้าหลัก

Brief Record : Get Marc (ISO 2709) : E-mail record : QR code < ปิดหน้าต่าง
LEADER : 00000nam 2200000uu 4500
001    13399128941
003     ULIB
008    020711s2023 th a 000 0 eng d
020    ^a9780323872300
060    ^aWQ160^bS243T
100    ^aSarah Esegbona-Adeigbe
245    ^aTranscultural Midwifery Practice: Concepts, Care and Challenges/^cSarah Esegbona-Adeigbe
250    ^a1st ed
260    ^aphiladelphia :^bElsevier,^c2023
300    ^a189 pages;^c21 cm
650    ^aMidwifery Practice
945    ^p1037^l0^i011195
999    ^aประนอม เกษจรัล
รายการนี้ยังไม่มีแท็ก
คุณยังไม่ได้ล็อกอิน คุณสามารถมีกิจกรรมร่วมกับเว็บไซต์ได้ แต่ต้องล็อกอินก่อน ::
  ล็อกอิน

รายการสื่อสารสนเทศ

ลำดับที่ ประเภท เลขเรียก/บาร์โค้ด สถานที่ สถานะ
1. วิทยาศาสตร์การแพทย์ และสุขภาพ
หนังสือสำรอง
สถานะ=หนังสือสำรอง
WQ160 S243T ฉ.1 
  Barcode: 011195
ห้องสมุดวิทยาเขตสวรรค์ประชารักษ์
►หนังสือทั่วไป
บนชั้น

BibComment


ยังไม่เคยถูกคอมเมนท์

คอมเมนท์ทรัพยากรรายการนี้
  คอมเมนท์: Transcultural Mi..


 Copyright 2026. Bcnsprnw @Library